|
|
|
|
| LEADER |
00000cas a2200000 a 4500 |
| 001 |
041596 |
| 003 |
UAHC_CL |
| 005 |
20170803124607.0 |
| 008 |
010822b xx j 000 1 eng |
| 040 |
|
|
|a UAHC_CL
|c UAHC_CL
|d UAHC_CL
|
| 245 |
1 |
0 |
|a Revista de crítica cultural.
|
| 260 |
|
|
|b Cuarto Propio
|c 1999
|a Santiago, Chile
|
| 300 |
|
|
|a v.
|
| 856 |
|
|
|u http://www.revista-de-critica-cultural.cl/
|3 Acceso electrónico al documento (índices y resúmenes)
|y Acceso electrónico al documento (índices y resúmenes)
|
| 856 |
|
|
|u http://www.revista-de-critica-cultural.cl
|3 Acceso electrónico al documento (índices y resúmenes)
|y Acceso electrónico al documento (índices y resúmenes)
|
| 900 |
|
|
|a REVISTA DE CRITICA CULTURAL
|
| 942 |
|
|
|c REV
|
| 952 |
|
|
|0 0
|1 0
|4 0
|6 REVISTA_DE_CRITICA_CULTURAL19_99_000000000000000
|7 0
|8 Hemeroteca
|9 77965
|a BC
|b BC
|c Hemeroteca
|d 2017-08-03
|l 0
|o REVISTA DE CRITICA CULTURAL-19/99
|p 1316434
|r 2019-12-02 00:00:00
|t 1
|w 2017-08-03
|y REV
|
| 952 |
|
|
|0 0
|1 0
|4 0
|6 REVISTA_DE_CRITICA_CULTURAL20_00_000000000000000
|7 0
|8 Hemeroteca
|9 77966
|a BC
|b BC
|c Hemeroteca
|d 2017-08-03
|l 0
|o REVISTA DE CRITICA CULTURAL-20/00
|p 1316435
|r 2019-12-02 00:00:00
|t 1
|w 2017-08-03
|y REV
|
| 952 |
|
|
|0 0
|1 0
|4 0
|6 REVISTA_DE_CRITICA_CULTURAL21_00_000000000000000
|7 0
|8 Hemeroteca
|9 77967
|a BC
|b BC
|c Hemeroteca
|d 2017-08-03
|l 0
|o REVISTA DE CRITICA CULTURAL-21/00
|p 1308737
|r 2019-12-02 00:00:00
|t 1
|w 2017-08-03
|y REV
|
| 952 |
|
|
|0 0
|1 0
|4 0
|6 REVISTA_DE_CRITICA_CULTURAL22_01_000000000000000
|7 0
|8 Hemeroteca
|9 77968
|a BC
|b BC
|c Hemeroteca
|d 2017-08-03
|l 0
|o REVISTA DE CRITICA CULTURAL-22/01
|p 1315313
|r 2019-12-02 00:00:00
|t 1
|w 2017-08-03
|y REV
|
| 952 |
|
|
|0 0
|1 0
|4 0
|6 REVISTA_DE_CRITICA_CULTURAL23_01_000000000000000
|7 0
|8 Hemeroteca
|9 77969
|a BC
|b BC
|c Hemeroteca
|d 2017-08-03
|l 0
|o REVISTA DE CRITICA CULTURAL-23/01
|p 1317711
|r 2019-12-02 00:00:00
|t 1
|w 2017-08-03
|y REV
|
| 952 |
|
|
|0 0
|1 0
|4 0
|6 REVISTA_DE_CRITICA_CULTURAL35_07_000000000000000
|7 0
|8 Hemeroteca
|9 77970
|a BC
|b BC
|c Hemeroteca
|d 2017-08-03
|l 0
|o REVISTA DE CRITICA CULTURAL-35/07
|p 1360827
|q 2017-06-28
|r 2017-08-03 00:00:00
|t 1
|w 2017-08-03
|y REV
|
| 952 |
|
|
|0 0
|1 0
|4 0
|6 REVISTA_DE_CRITICA_CULTURAL32_08_000000000000000
|7 0
|8 Hemeroteca
|9 77971
|a BC
|b BC
|c Hemeroteca
|d 2017-08-03
|l 0
|o REVISTA DE CRITICA CULTURAL-32/08
|p 1366471
|r 2019-12-02 00:00:00
|t 1
|w 2017-08-03
|y REV
|
| 952 |
|
|
|0 0
|1 0
|4 0
|6 REVISTA_DE_CRITICA_CULTURAL33_08_000000000000000
|7 0
|8 Hemeroteca
|9 77972
|a BC
|b BC
|c Hemeroteca
|d 2017-08-03
|l 0
|o REVISTA DE CRITICA CULTURAL-33/08
|p 1366470
|r 2019-12-02 00:00:00
|t 1
|w 2017-08-03
|y REV
|
| 952 |
|
|
|0 0
|1 0
|4 0
|6 REVISTA_DE_CRITICA_CULTURAL34_08_000000000000000
|7 0
|8 Hemeroteca
|9 77973
|a BC
|b BC
|c Hemeroteca
|d 2017-08-03
|l 0
|o REVISTA DE CRITICA CULTURAL-34/08
|p 1366473
|r 2019-12-02 00:00:00
|t 1
|w 2017-08-03
|y REV
|
| 952 |
|
|
|0 0
|1 0
|4 0
|6 REVISTA_DE_CRITICA_CULTURAL35_08_000000000000000
|7 0
|8 Hemeroteca
|9 77974
|a BC
|b BC
|c Hemeroteca
|d 2017-08-03
|l 0
|o REVISTA DE CRITICA CULTURAL-35/08
|p 1366474
|r 2019-12-02 00:00:00
|t 1
|w 2017-08-03
|y REV
|
| 952 |
|
|
|0 0
|1 0
|4 0
|6 REVISTA_DE_CRITICA_CULTURAL
|7 0
|8 Hemeroteca
|9 77975
|a BC
|b BC
|c Hemeroteca
|d 2017-08-03
|l 0
|o REVISTA DE CRITICA CULTURAL
|p 1366475
|r 2019-12-02 00:00:00
|t 1
|w 2017-08-03
|y REV
|
| 999 |
|
|
|c 41596
|d 41596
|